| 000 | 00719nam a22002417a 4500 | ||
|---|---|---|---|
| 942 | _cBK | ||
| 999 |
_c591 _d591 |
||
| 005 | 20250420134817.0 | ||
| 008 | 200811b ||||| |||| 00| 0 eng d | ||
| 020 | _a9781292024844 | ||
| 040 | _cKCST | ||
| 082 |
_a511.6 _bKo Di |
||
| 100 |
_aKolman, B, _95011 |
||
| 245 |
_aDiscrete mathematical structures / _cBernard Kolman; Robert C Busby; Sharon Cutler Ross |
||
| 250 |
_a6th edition _bPearson new int. edition |
||
| 260 |
_aEngland : _bPearson, _c2014. |
||
| 300 | _a540 p. | ||
| 650 |
_aCombinatorial analysis. _95012 |
||
| 650 |
_aComputers _vMathematics. _95013 |
||
| 650 |
_aSymbolic and mathematical logic. _95014 |
||
| 700 |
_aBusby, R. _95015 |
||
| 700 |
_aRoss, S. _95016 |
||
| 942 | _2ddc | ||